La dignidad real y la educación del rey. (De rege et regis institutione).
Salvato in:
| Autore principale: | |
|---|---|
| Altri autori: | |
| Natura: | Libro |
| Lingua: | spagnolo |
| Pubblicazione: |
Madrid, España:
Centro de Estudios Constitucionales,
1981.
|
| Serie: | Clásicos Políticos.
|
| Soggetti: | |
| Tags: |
Aggiungi Tag
Nessun Tag, puoi essere il primo ad aggiungerne!!
|
MARC
| LEADER | 00000nam a2200000 a 4500 | ||
|---|---|---|---|
| 001 | UCP6442 | ||
| 003 | CL-VaPUC | ||
| 005 | 20220822114341.0 | ||
| 008 | 991022e19810000SP |||||||||||||||||spa|d | ||
| 999 | |c 284027 |d 284025 | ||
| 020 | |a 84-259-0649-0 | ||
| 040 | |c Pontificia Universidad Católica de Valparaíso | ||
| 082 | 0 | 4 | |a 321.6 MAR 1981 |2 21 |
| 100 | |a Mariana, Juan de |e autor |9 321846 | ||
| 245 | 1 | 3 | |a La dignidad real y la educación del rey. |b (De rege et regis institutione). |
| 246 | |a El padre Juan de Mariana, un humanista precursor del constitucionalismo. | ||
| 260 | |a Madrid, España: |b Centro de Estudios Constitucionales, |c 1981. | ||
| 300 | |a LXV, 481 páginas. | ||
| 490 | 0 | |a Clásicos Políticos. | |
| 500 | |a c.3 Donación Familia Prof. Alejandro Guzmán Brito. | ||
| 583 | |a last modification |c 19991022 00:00:00 |k Rodrigo Vera | ||
| 650 | 0 | |a Monarquía |9 255259 | |
| 650 | 0 | |a Sistemas políticos |2 CL-VaPUC |9 258602 | |
| 650 | 0 | |a Política y gobierno |2 CL-VaPUC |9 255151 | |
| 650 | 0 | |a Poder político |9 255509 | |
| 650 | 0 | |a Responsabilidad moral |9 311092 | |
| 700 | |a Sánchez Agesta, Luis |e autor |9 313861 | ||
| 942 | |c BK |2 ddc |n 0 | ||
| 945 | |d 19991022 00:00:00 |a crobeson | ||
| 952 | |0 0 |1 0 |4 0 |6 321_600000000000000_MAR_1981 |7 0 |8 A |9 327634 |a BIBHIS |b BIBHIS |d 2019-11-20 |i 1370480 |o 321.6 MAR 1981 |p 1370480 |r 2025-01-20 |w 2019-11-20 |y BK |k HIS | ||
| 952 | |0 0 |1 0 |4 0 |6 321_600000000000000_MAR_1981 |7 0 |8 A |9 327635 |a BIBHIS |b BIBHIS |d 2019-11-20 |i 1370499 |o 321.6 MAR 1981 |p 1370499 |r 2025-01-20 |w 2019-11-20 |y BK |k HIS | ||